| 000 | 00355 a2200157 4500 | ||
|---|---|---|---|
| 001 | 75689 | ||
| 020 | _a9788516056089917 | ||
| 040 | _cAnchieta - Colégio São Paulo | ||
| 100 | _aTufano, Douglas | ||
| 240 | 1 | 0 |
_aGramática fundamental _lpor |
| 245 | 1 | 0 | _aGramática fundamental |
| 300 | _a302 | ||
| 362 | 0 | _a2013 | |
| 650 | 4 | _aPortuguês | |
| 942 | _cBK | ||
| 999 |
_c75689 _d75689 |
||